000 00408nam a2200169Ia 4500
001 14403
005 20260306164911.0
008 260306t9999||||xx |||||||||||||| ||spa||
041 _aESP
082 _a512.7
_bG63
100 _aGómez Castro, Víctor
_eAUT
245 0 _aNumeros reales e inecuaciones
300 _a111 páginas :
_c21 cm.
650 _aGEN
654 _aCMA
942 _cLIB
_dJUS
_fJUS
_2ddc
_n
999 _c14403
_d14403